Central Library OPAC University of Rajshahi

Electrophilic substitution in benzenoid compounds / (Record no. 10693)

MARC details
000 -LEADER
fixed length control field 00983cam a22002771 4500
001 - CONTROL NUMBER
control field 10693
003 - CONTROL NUMBER IDENTIFIER
rucl marc code BD-RjUL
005 - DATE AND TIME OF LATEST TRANSACTION
control field 20211208235011.0
008 - FIXED-LENGTH DATA ELEMENTS--GENERAL INFORMATION
fixed length control field 161210s1965 ne a b 001 0 eng
035 ## - SYSTEM CONTROL NUMBER
System control number (BD-RjUL) 10741
040 ## - CATALOGING SOURCE
Original cataloging agency DLC/ICU
Transcribing agency ICU
Modifying agency DLC
-- BD-RjUL
Language of cataloging eng
041 ## - LANGUAGE CODE
Language code of text/sound track or separate title eng
082 00 - DEWEY DECIMAL CLASSIFICATION NUMBER
Classification number 547.611
Edition number 23
Author mark and year NOE 1965
100 1# - MAIN ENTRY--PERSONAL NAME
Personal name Norman, R. O. C.
Fuller form of name (Richard Oswald Chandler)
9 (RLIN) 33061
245 10 - TITLE STATEMENT
Title Electrophilic substitution in benzenoid compounds /
Statement of responsibility, etc. by R.O.C. Norman [and] R. Taylor.
260 ## - PUBLICATION, DISTRIBUTION, ETC. (IMPRINT)
Place of publication, distribution, etc. Amsterdam ;
-- New York z :
Name of publisher, distributor, etc. Elsevier Pub. Co.,
Date of publication, distribution, etc. 1965.
300 ## - PHYSICAL DESCRIPTION
Pagination ix, 343 p. :
Illustrations illus. ;
Size 22 cm.
490 1# - SERIES STATEMENT
Series statement Reaction mechanisms in organic chemistry,
Volume/sequential designation monograph 3
504 ## - BIBLIOGRAPHY, ETC. NOTE
Bibliography, etc Includes bibliographical reference and index.
650 #0 - SUBJECT ADDED ENTRY--TOPICAL TERM
Topical term or geographic name as entry element Benzene.
9 (RLIN) 33062
700 1# - ADDED ENTRY--PERSONAL NAME
Personal name Taylor, R.
Fuller form of name (Roger),
Relator term joint author.
830 #0 - SERIES ADDED ENTRY--UNIFORM TITLE
Volume number/sequential designation monograph 3.
Uniform title Reaction mechanisms in organic chemistry ;
942 ## - ADDED ENTRY ELEMENTS (KOHA)
Source of classification or shelving scheme Dewey Decimal Classification
Koha item type Books
Holdings
Lost status Source of classification or shelving scheme Damaged status Not for loan Collection code Permanent Location Current Location Shelving location Date acquired Source of acquisition Cost, normal purchase price Total Checkouts Full call number Date last seen Copy number Koha item type
  Dewey Decimal Classification   Not For Loan Non-fiction Central Library, University of Rajshahi Central Library, University of Rajshahi Reading Room 03/04/1967 Book center 52.50   547.611 NOE 1965 25/01/2014 C-2 Books
  Dewey Decimal Classification     Non-fiction Central Library, University of Rajshahi Central Library, University of Rajshahi   03/04/1967 Book center 52.50   547.611 NOE 1965 10/12/2016 C-3 Books